The American dream a cultural history (Registro nro. 181062)

Detalles MARC
000 -ENCABEZADO
Número de control [NR] 01032nam a22002537a 4500
005 - FECHA Y HORA DE LA ÚLTIMA TRANSACCIÓN
control field 20140903174931.0
008 - DE LONGITUD FIJA DE DATOS DE ELEMENTOS - INFORMACIÓN GENERAL
Elementos de longitud fija [NR] 131001s2012 xxu frn 001 0 eng
020 ## - NUMERO INTERNACIONAL NORMALIZADO PARA LIBROS [R]
Número Internacional Normalizado del libro [NR] 9780815610076
040 ## - FUENTE DE CATALOGACION [NR]
Agencia de catalogación original [NR] CO-BoUCM
Quien Cataloga
Quien Clasifica Aldemar Mondragón
Idioma de catalogación [NR] spa
041 00 - CODIGO DE IDIOMA [R]
Código de idioma para texto/pista de sonido o título separado [R] Inglés
100 1# - ASIENTO PRINCIPAL--NOMBRE PERSONAL [NR]
Nombre personal [NR] Samuel, Lawrence R.
ID Autoridad 46888
245 14 - MENCION DE TITULO [NR]
Título [NR] The American dream a cultural history
Mención de responsabilidad, etc. [NR] Lawrence R. Samuel
260 ## - PUBLICACION, DISTRIBUCION, ETC. (PIE DE IMPRENTA) [R]
Lugar de publicación, distribución, etc. [R] Syracuse
Nombre del editor, distribuidor, etc. [R] Syracuse University Press
Fecha de publicación, distribución, etc. [R] 2012
300 ## - DESCRIPCION FISICA [R]
Extensión [R] 241 páginas
504 ## - NOTA DE BIBLIOGRAFIA, ETC. [R]
Nota de bibliografía, etc. [NR] Incluye referencias bibliográficas e índices
505 ## - NOTA DE CONTENIDO CON FORMATO PREESTABLECIDO [R]
Nota de contenido con formato preestablecido [NR] The epic of America -- The status seekers -- The anti-paradise -- Born in the USA -- The anxious society -- American idol.
650 #4 - ASIENTO SECUNDARIO DE MATERIA - TERMINO TEMATICO [R]
Término temático o nombre geográfico como elemento de entrada [NR] Sueño americano
9 (RLIN) 46891
650 #7 - ASIENTO SECUNDARIO DE MATERIA - TERMINO TEMATICO [R]
Término temático o nombre geográfico como elemento de entrada [NR] Características nacionales
9 (RLIN) 46889
Subdivisión geográfica [R] Estados Unidos
650 #7 - ASIENTO SECUNDARIO DE MATERIA - TERMINO TEMATICO [R]
Término temático o nombre geográfico como elemento de entrada [NR] Cultura popular
Subdivisión geográfica [R] Estados Unidos
Subdivisión general [R] Historia
9 (RLIN) 46890
651 #4 - ASIENTO SECUNDARIO DE MATERIA - NOMBRE GEOGRAFICO [R]
Nombre geográfico [NR] Estados Unidos
Subdivisión general [R] Civilización
Subdivisión cronológica [R] 1945-
9 (RLIN) 46892
690 ## - ASUNTO AGREGADO LOCAL DE ENTRADA - TÉRMINO TEMÁTICO (OCLC, RLIN)
9 (RLIN) 42842
Acceso temático local Historia de América
942 ## - ELEMENTOS DE ENTRADA AGREGADOS (KOHA)
Tema principal Historia
Tipo de ítem principal el descrito en 300a Libro
Edición 1
Parte restante de la signatura top. S193a
Sistema de clasificación DEWEY
Clasificación 973
Existencias
Signatura topográfica Código de barras Última vez visto Ejemplar Costo de reposición Price effective from Tipo de ítem Perdido Sistema de clasificación Dañado No prestable Tipo de ítem específico Suprimido Ubicación habitual Ubicación actual Localización Fecha de creación Proveedor Forma de adquisición Costo
973 S193a 100137034 10/12/2025 Ej.1 35627.00 30/09/2013 Libro   DEWEY     Libro   Claustro Claustro 2do piso 30/09/2013 15 Compra 35100.00